Library Logo

Pioneer International University Library Catalogue

The Second Lady / (Record no. 9225)

MARC details
000 -LEADER
fixed length control field 00585pam a2200217 i 4500
001 - CONTROL NUMBER
control field 882035
003 - CONTROL NUMBER IDENTIFIER
control field OSt
005 - DATE AND TIME OF LATEST TRANSACTION
control field 20250901165802.0
008 - FIXED-LENGTH DATA ELEMENTS--GENERAL INFORMATION
fixed length control field 800515s1980 nyu 000 1 eng
010 ## - LIBRARY OF CONGRESS CONTROL NUMBER
LC control number 80016655
020 ## - INTERNATIONAL STANDARD BOOK NUMBER
International Standard Book Number 0453003885
040 ## - CATALOGING SOURCE
Original cataloging agency DLC
Transcribing agency DLC
Modifying agency DLC
050 00 - LIBRARY OF CONGRESS CALL NUMBER
Classification number PS 3573 .A426 S4
Item number S4
082 00 - DEWEY DECIMAL CLASSIFICATION NUMBER
Classification number 813/.54
100 1# - MAIN ENTRY--PERSONAL NAME
Personal name Wallace, Irving,
Dates associated with a name 1916-1990.
245 14 - TITLE STATEMENT
Title The Second Lady /
Statement of responsibility, etc. Irving Wallace.
260 ## - PUBLICATION, DISTRIBUTION, ETC.
Place of publication, distribution, etc. New York :
Name of publisher, distributor, etc. New American Library,
Date of publication, distribution, etc. c1980.
300 ## - PHYSICAL DESCRIPTION
Extent 372 p. ;
Dimensions 22 cm.
906 ## - LOCAL DATA ELEMENT F, LDF (RLIN)
a 7
b cbc
c orignew
d 1
e ocip
f 19
g y-gencatlg
942 ## - ADDED ENTRY ELEMENTS (KOHA)
Source of classification or shelving scheme Library of Congress Classification
Koha item type Books
Holdings
Withdrawn status Lost status Source of classification or shelving scheme Damaged status Not for loan Home library Current library Shelving location Date acquired Total checkouts Full call number Barcode Date last seen Price effective from Koha item type
    Library of Congress Classification     Main Library Main Library   02/24/2025   PS 3573 .A426 S4 PIU0010931 02/24/2025 02/24/2025 Books